Historia de las creencias y de las ideas religiosas. tomo 4 /

Guardado en:
Autor Principal: Eliade, Mircea
Formato: Libro
Publicado: España : Cristiandad, 1978
Materias:
Etiquetas: Agregar Etiqueta
Sin Etiquetas, Sea el primero en etiquetar este registro!
LEADER 00532nam a22001935a 4500
001 CEM.cems007156
005 20081114183321.0
008 130507s1978##################000#0#####d
003 CEMS
082 0 4 |a 209 
100 1 |a Eliade, Mircea 
245 1 0 |a Historia de las creencias y de las ideas religiosas. tomo 4 / 
260 |a España :  |b Cristiandad,  |c 1978 
300 |a 790 p. 
653 |a Chamanismo 
653 |a Escatologia 
653 |a Mitos 
653 |a Religion 
859 |a CEMS  |b BIB. CEMS - 11 de abril  |h 209  |i EL41  |p 9635.81  |t Ej.1  |v IV  |3 IV